Word Ladder: MTV's Rough Weather Hoisting Quiz Stats

 Plays Quiz Updated Apr 26, 2018

Challenge
Share
Tweet
Embed
Score 0/21 Timer 02:00
1 Play Today
Clue 4-Letter Word % Correct
Satan's domainHELL
98.5%
Band around the waistBELT
97.6%
Independence Hall fixtureBELL
96.2%
Close one eye brieflyWINK
95.9%
Wizard's rodWAND
95.3%
«Twist to recharge a watch»«WIND»
94.3%
Roller derby venueRINK
94.1%
Cream of the cropBEST
92.9%
Game based on world conquestRISK
91.3%
Like dried cementHARD
89.9%
Effectively treatHEAL
89.9%
Clue 4-Letter Word % Correct
'Don't walk' symbolHAND
89.5%
Do a sheepdog's workHERD
88.8%
Climb the ranksRISE
88.6%
«Bathroom on a ship»«HEAD»
85.1%
Ornament for flowersVASE
84.9%
Workbench clampVISE
83%
«Scottish miss»«LASS»
77.8%
To arrest, slangilyBUST
75.7%
Emit amplified lightLASE
73.1%
«Ashtray remnant»«BUTT»
71.7%

Today's Daily Dose

You're not logged in!

Compare scores with friends on all Sporcle quizzes.
Join for Free
OR
Log In

You Might Also Like...

Show Comments

Extras

Top Quizzes Today


Score Distribution

Your Account Isn't Verified!

In order to create a playlist on Sporcle, you need to verify the email address you used during registration. Go to your Sporcle Settings to finish the process.

Report this User

Report this user for behavior that violates our Community Guidelines.

Details: